Loading...
| Current Events | 3 | 13.33 | 100% | 33% | 0% |
| Fine Arts - Classical Music | 8 | 15.00 | 100% | 38% | 38% |
| Fine Arts - Other Fine Arts | 8 | 12.50 | 88% | 38% | 0% |
| Fine Arts - Painting & Sculpture | 9 | 10.00 | 89% | 11% | 0% |
| Geography | 2 | 15.00 | 100% | 50% | 0% |
| History - American History | 5 | 12.00 | 100% | 20% | 0% |
| History - European History | 7 | 8.57 | 71% | 14% | 0% |
| History - Other History | 9 | 13.33 | 89% | 44% | 0% |
| History - World History | 9 | 7.78 | 67% | 11% | 0% |
| Literature - American Literature | 4 | 17.50 | 100% | 50% | 25% |
| Literature - British Literature | 6 | 16.67 | 83% | 83% | 0% |
| Literature - European Literature | 10 | 13.00 | 90% | 50% | 0% |
| Literature - World Literature | 6 | 11.67 | 100% | 17% | 0% |
| Mythology | 3 | 23.33 | 100% | 100% | 33% |
| Other Academic | 4 | 12.50 | 75% | 25% | 25% |
| Philosophy | 12 | 15.83 | 100% | 58% | 0% |
| Religion | 7 | 14.29 | 100% | 43% | 0% |
| Science - Biology | 6 | 15.00 | 83% | 67% | 0% |
| Science - Chemistry | 3 | 16.67 | 100% | 33% | 33% |
| Science - Other Science | 5 | 20.00 | 100% | 80% | 20% |
| Science - Physics | 11 | 19.09 | 91% | 55% | 46% |
| Social Science | 11 | 17.27 | 82% | 73% | 18% |